| 000 -LEADER |
| fixed length control field |
01735cam a2200385 a 4500 |
| 001 - CONTROL NUMBER |
| control field |
3367787 |
| 003 - CONTROL NUMBER IDENTIFIER |
| control field |
NUST - PNEC |
| 005 - DATE AND TIME OF LATEST TRANSACTION |
| control field |
20170116181132.0 |
| 008 - FIXED-LENGTH DATA ELEMENTS--GENERAL INFORMATION |
| fixed length control field |
870616s1987 nyu j 000 0 eng |
| 010 ## - LIBRARY OF CONGRESS CONTROL NUMBER |
| LC control number |
87017916 |
| 020 ## - INTERNATIONAL STANDARD BOOK NUMBER |
| International Standard Book Number |
0812029933 (pbk.) |
| 040 ## - CATALOGING SOURCE |
| Original cataloging agency |
DLC |
| Transcribing agency |
LIBRARY |
| Modifying agency |
DLC |
| 042 ## - AUTHENTICATION CODE |
| Authentication code |
lcac |
| 043 ## - GEOGRAPHIC AREA CODE |
| Geographic area code |
e-uk--- |
| -- |
n-us--- |
| 050 00 - LIBRARY OF CONGRESS CALL NUMBER |
| Classification number |
PE1411 |
| 082 00 - DEWEY DECIMAL CLASSIFICATION NUMBER |
| Classification number |
808.042076 SHO |
| 100 1# - MAIN ENTRY--PERSONAL NAME |
| Personal name |
Shostak, Jerome. |
| 245 10 - TITLE STATEMENT |
| Title |
Barron's how to prepare for the College Board achievement tests, English :English composition test with all multiple-choice questions, English composition test with essay, literature test / |
| Statement of responsibility, etc. |
by Jerome Shostak. |
| 250 ## - EDITION STATEMENT |
| Edition statement |
6th ed. |
| 260 ## - PUBLICATION, DISTRIBUTION, ETC. |
| Place of publication, distribution, etc. |
New York : |
| Name of publisher, distributor, etc. |
Barron's Educational Series, |
| Date of publication, distribution, etc. |
c1987. |
| 300 ## - PHYSICAL DESCRIPTION |
| Extent |
v, 296 p. ; |
| Dimensions |
28 cm. |
| 500 ## - GENERAL NOTE |
| General note |
Rev. ed. of: How to prepare for College Board achievement tests, English. 1984. |
| 520 ## - SUMMARY, ETC. |
| Summary, etc. |
Sample tests with study notes to prepare one for taking the College Board Acheivement Tests in English composition and literature. |
| 650 #0 - SUBJECT ADDED ENTRY--TOPICAL TERM |
| Topical term or geographic name entry element |
English philology |
| General subdivision |
Examinations |
| -- |
General |
| -- |
Study guides. |
| 650 #0 - SUBJECT ADDED ENTRY--TOPICAL TERM |
| Topical term or geographic name entry element |
English composition test |
| General subdivision |
Study guides. |
| 650 #1 - SUBJECT ADDED ENTRY--TOPICAL TERM |
| Topical term or geographic name entry element |
English composition test |
| General subdivision |
Study guides. |
| 650 #1 - SUBJECT ADDED ENTRY--TOPICAL TERM |
| Topical term or geographic name entry element |
English language |
| General subdivision |
Composition and exercises |
| -- |
Examinations, questions, etc. |
| 650 #1 - SUBJECT ADDED ENTRY--TOPICAL TERM |
| Topical term or geographic name entry element |
English literature |
| General subdivision |
Examinations, questions, etc. |
| 650 #1 - SUBJECT ADDED ENTRY--TOPICAL TERM |
| Topical term or geographic name entry element |
American literature |
| General subdivision |
Examinations, questions, etc. |
| 650 #1 - SUBJECT ADDED ENTRY--TOPICAL TERM |
| Topical term or geographic name entry element |
Universities and colleges |
| General subdivision |
Examinations. |
| 700 1# - ADDED ENTRY--PERSONAL NAME |
| Personal name |
Shostak, Jerome. |
| Title of a work |
How to prepare for College Board achievement tests, English. |
| 740 0# - ADDED ENTRY--UNCONTROLLED RELATED/ANALYTICAL TITLE |
| Uncontrolled related/analytical title |
How to prepare for the College Board achievement tests, English. |
| 906 ## - LOCAL DATA ELEMENT F, LDF (RLIN) |
| a |
7 |
| b |
cbc |
| c |
orignew |
| d |
1 |
| e |
ocip |
| f |
19 |
| g |
y-gencatlg |
| 942 ## - ADDED ENTRY ELEMENTS (KOHA) |
| Source of classification or shelving scheme |
|
| Koha item type |
Book |